Normal view
MARC view
Entry Personal Name
001 - CONTROL NUMBER
- control field: 8037
003 - CONTROL NUMBER IDENTIFIER
- control field: BD-RjUL
005 - DATE AND TIME OF LATEST TRANSACTION
- control field: 20230716151723.0
008 - FIXED-LENGTH DATA ELEMENTS
- fixed length control field: 230716|| aca||aabn | a|a d
040 ## - CATALOGING SOURCE
- Original cataloging agency: BD-RjUL
- Transcribing agency: BD-RjUL
100 ## - HEADING--PERSONAL NAME
- Personal name: Sharif, Md. Kamal Hossain
670 ## - SOURCE DATA FOUND
- Source citation: Work cat.: (BD-RjUL)81574: Sharif, Md. Kamal Hossain, The Misery and the Splendour of Translation :, 2021